| 000 | 00964nam a2200229 i 4500 | ||
|---|---|---|---|
| 001 | 69954 | ||
| 003 | ES-MaACL | ||
| 005 | 20250904063052.0 | ||
| 007 | t| | ||
| 008 | 040713s1970 sp e 001 0bspa d | ||
| 080 | _a821.134.2(861)-94"19" | ||
| 080 | _a929 Velasco, Luis Alejandro | ||
| 100 | 1 |
_aGarcía Márquez, Gabriel, _d1927-2014 _9242191 |
|
| 245 | 1 | 0 |
_aRelato de un náufrago : _bque estuvo diez días a la deriva en una balsa sin comer ni beber, que fue proclamado héroe de la patria, besado por las reinas de la belleza y hecho rico por la publicidad, y luego aborrecido por el gobierno y olvidado para siempre / _cGabriel García Márquez. |
| 260 |
_aBarcelona : _bTusquets, _c[1970] |
||
| 300 |
_a88 p. : _b1 plano ; _c18 cm. |
||
| 490 | 1 |
_aCuadernos marginales ; _v8 |
|
| 600 | 1 | 4 |
_aVelasco, Luis Alejandro, _d1934-2000 _9174144 |
| 830 | 1 |
_aCuadernos marginales ; _v8 _9181404 |
|
| 852 | 4 |
_aES-MaACL _jC-49616 |
|
| 999 |
_c69954 _d69954 |
||